Stockholmstraktens kvartärgeologi, (Record no. 26981)

MARC details
000 -LEADER
fixed length control field 01020cam a22002651 4500
001 - CONTROL NUMBER
control field gs 32000226
003 - CONTROL NUMBER IDENTIFIER
control field DLC
005 - DATE AND TIME OF LATEST TRANSACTION
control field 20260227111337.0
008 - FIXED-LENGTH DATA ELEMENTS--GENERAL INFORMATION
fixed length control field 850430s1932 sw ab b 000 0 swe c
010 ## - LIBRARY OF CONGRESS CONTROL NUMBER
LC control number gs 32000226
035 ## - SYSTEM CONTROL NUMBER
System control number (OCoLC)11979336
040 ## - CATALOGING SOURCE
Original cataloging agency Library, U.S. Geological Survey
Transcribing agency NhD
Modifying agency DLC
042 ## - AUTHENTICATION CODE
Authentication code premarc
050 00 - LIBRARY OF CONGRESS CALL NUMBER
Classification number QE282
Item number .A3
100 1# - MAIN ENTRY--PERSONAL NAME
Personal name De Geer, Gerard,
Titles and words associated with a name friherre,
Dates associated with a name 1889-
245 10 - TITLE STATEMENT
Title Stockholmstraktens kvartärgeologi,
Statement of responsibility, etc. av Gerard De Geer ...
255 ## - CARTOGRAPHIC MATHEMATICAL DATA
Statement of scale Skala 1:50000 ...
260 ## - PUBLICATION, DISTRIBUTION, ETC.
Place of publication, distribution, etc. Stockholm,
Name of publisher, distributor, etc. Kungl. Boktryckeriet P.A. Norstedt & Söner,
Date of publication, distribution, etc. 1932.
300 ## - PHYSICAL DESCRIPTION
Extent 89 p. incl. illus., maps, diagrs.
Other physical details fold. front., fold. map, fold. diagr.
Dimensions 24 cm.
Accompanying material and fold. col. map in separate cover.
490 0# - SERIES STATEMENT
Series statement [Sweden] Geologiska undersökning. Ser. Ba. Översiktskartor med beskrivningar.
Volume/sequential designation no. 12
500 ## - GENERAL NOTE
General note With English explanations.
504 ## - BIBLIOGRAPHY, ETC. NOTE
Bibliography, etc. note "Nagra litteraturanvisningar": p. 88-89.
650 #0 - SUBJECT ADDED ENTRY--TOPICAL TERM
Topical term or geographic name entry element Geology
Geographic subdivision Sweden
-- Stockholm district.
650 #0 - SUBJECT ADDED ENTRY--TOPICAL TERM
Topical term or geographic name entry element Geology
Geographic subdivision Sweden
Form subdivision Maps.

No items available.

Powered by Koha